00369 a2200145 4500003000400000005001700004008004100021020001800062040000900080082001500089100001800104245006500122260002700187300000900214OSt20231109114749.0231109b |||||||| |||| 00| 0 eng d a9788194760313 coclc a920bMOH/K aMohammad, T C aKottal Uppi Sahib:bKottayam Malabarinte Prasastha Puthran / aKerala:bGrace,c2020. a163p